[Event "Floripa Chess Open 2024"]
[Site "Florianopolis"]
[Date "2024.01.28"]
[Round "10.106"]
[White "Cezar, Ricardo De Almeida"]
[Black "Bashtavenko, Aleksey"]
[Result "1-0"]
[WhiteElo "1809"]
[BlackElo "1553"]
[PlyCount "79"]
[EventDate "2024.01.20"]
[EventRounds "10"]
[EventCountry "BRA"]

1. d4 Nf6 2. Bf4 d6 3. e3 g6 4. Nf3 Bg7 5. h3 O-O 6. Be2 b6 7. O-O Bb7 8. c4
Ne4 9. Nc3 Nd7 10. Qc2 Ndf6 $146 ({RR} 10... Nxc3 11. bxc3 e5 12. Bg3 f5 13.
Rad1 Qe8 14. c5 dxc5 15. Bc4+ Kh8 16. Ng5 Rf6 17. Qb3 cxd4 18. cxd4 c5 19. Nf7+
Rxf7 20. Bxf7 Qe7 21. Bd5 Bxd5 22. Qxd5 Re8 23. dxe5 Nxe5 24. e4 fxe4 25. Qxe4
{Solovjev,N (2327)-Assaubayeva,B (2177) Moscow 2017 1-0 (54)}) ({RR} 10... Nxc3
11. Qxc3 e5 12. Bg5 f6 13. Bh4 g5 14. Bg3 f5 15. Qd2 f4 16. exf4 gxf4 17. Bh4
Qe8 18. d5 Qg6 19. Rfe1 e4 20. Ng5 Ne5 21. Kh1 Bh6 {0-1 (21) Massoni,M (2338)
-Bacrot,E (2721) Calvi 2014}) ({RR} 10... Nxc3 11. Qxc3 e5 12. Bh2 exd4 13.
exd4 Re8 14. Rfe1 Nf6 15. Qc2 Ne4 16. d5 a5 17. Bf1 Nc5 18. Rxe8+ Qxe8 19. Re1
Qa4 20. Qxa4 Nxa4 21. Re7 Rc8 22. Bxd6 Bf8 23. Rxc7 Bxd6 24. Rxb7 Nxb2 25. Rxb6
{Csonka,B (2483)-Martin Duque,J (2419) chess.com INT 2021 1-0}) ({RR} 10...
Nxc3 11. Qxc3 e5 12. Bg3 Qe8 13. Qc2 e4 14. Nd2 f5 15. Nb3 g5 16. c5 dxc5 17.
dxc5 Ne5 18. Bxe5 Bxe5 19. Nd4 Bd5 20. Rad1 Kh8 21. Bc4 Bxc4 22. Qxc4 Rf6 23.
Nc2 Bxb2 24. Nd4 Ba3 25. cxb6 {Moccero,E (1957)-Arcos Facio,M (2161)
Montevideo 2017 1/2-1/2}) ({RR} 10... Nxc3 11. bxc3 e5 12. Bh2 e4 13. Nd2 f5
14. Nb3 g5 15. Rad1 Qe7 16. c5 f4 17. cxd6 cxd6 18. Na5 Bd5 19. Bc4 Bxc4 20.
Nxc4 d5 21. Nd2 Rac8 22. Qb3 Qe6 23. Kh1 Kh8 24. Rde1 Qc6 25. f3 {De Carvalho,
C (2051)-Goncalves,D (2221) Florianopolis 2017 1-0 (43)}) 11. Ne1 Qc8 12. Na4
g5 13. Bh2 g4 14. hxg4 Bh6 15. Bf3 Kh8 16. Bf4 Ng5 17. Bxg5 Bxg5 18. Qf5 Qxf5
19. gxf5 Bxf3 20. Nxf3 Rg8 21. Nc3 Bh6 22. Nd5 Ne4 23. Nxe7 Rg4 24. Nh2 Rg7 25.
f6 Rg5 26. Rae1 Rh5 27. f4 Ra5 28. Ra1 Nxf6 29. d5 Ne4 30. a4 Rc5 31. Nf5 Bg7
32. Nxg7 Kxg7 33. Rfc1 a5 34. Rc2 c6 35. dxc6 Rxc6 36. Rd1 Re8 37. Nf3 Nc5 38.
Nd4 Rcc8 39. b3 Kf6 40. Kf2 1-0

[Event "Floripa Chess Open 2024"]
[Site "Florianopolis"]
[Date "2024.01.28"]
[Round "10.107"]
[White "Miranda, Catarina Oliveira"]
[Black "Da Fonseca Pinto, Joao Gabriel Alves"]
[Result "0-1"]
[WhiteElo "1620"]
[BlackElo "1808"]
[PlyCount "64"]
[EventDate "2024.01.20"]
[EventRounds "10"]
[EventCountry "BRA"]

1. d4 Nf6 2. e3 g6 3. Bd3 Bg7 4. f4 d5 5. Nd2 O-O 6. Ngf3 Nbd7 7. O-O c5 8. c3
b6 9. Ne5 Bb7 10. Qf3 Qc7 11. g4 a6 $146 ({RR} 11... Ne8 12. g5 f5 13. h4 Nd6
14. Qh3 Nxe5 15. fxe5 Ne4 16. Rf4 Nxd2 17. Bxd2 e6 18. h5 Rf7 19. Kf2 Bf8 20.
hxg6 hxg6 21. Rh4 Rh7 22. Rh1 Rxh4 23. Qxh4 Qg7 24. Kf3 Bc6 25. Kf4 Be7 26. Be2
{Capaliku,A (1786)-Bortolin,B (1770) Trieste 2002 1/2-1/2 (72)}) ({RR} 11...
Ne8 12. Qh3 Ndf6 13. Ndf3 Ne4 14. g5 N8d6 15. Qg2 c4 16. Bc2 b5 17. a3 a5 18.
Bd2 Nf5 19. Ng4 f6 20. Rae1 e6 21. Re2 Qe7 22. Be1 fxg5 23. Bxe4 dxe4 24. Nxg5
Bd5 25. Ne5 Bxe5 26. fxe5 {Jecha,P (1962)-Raczynski,K (1622) Polanica Zdroj
2013 1/2-1/2 (35)}) ({RR} 11... Qc8 12. g5 Ne8 13. Ng4 Nd6 14. Qh3 Qe8 15. Nh6+
Bxh6 16. Qxh6 f6 17. Nf3 Ne4 18. Nd2 Qf7 19. Qh3 e6 20. Nxe4 dxe4 21. Bc4 f5
22. b3 Bd5 23. Be2 Rad8 24. c4 Bb7 25. Rd1 Nb8 26. Bb2 {Seixas,P (1800)-Do
Carmo,M (1689) Sao Paulo 2012 1-0 (60)}) 12. Qg2 Ne8 13. Rf3 Nxe5 14. fxe5 f6
15. exf6 Nxf6 16. g5 Nd7 17. h4 e5 18. dxe5 Nxe5 19. Rxf8+ Rxf8 20. Qg3 Qd7 21.
Be2 d4 22. cxd4 cxd4 23. e4 d3 24. Bf1 Qd4+ 25. Kh1 Bxe4+ 26. Bg2 Bxg2+ 27.
Kxg2 Rf4 28. Kh3 Qd7+ 29. Kh2 Qf5 30. a4 Ng4+ 31. Kg2 Rf2+ 32. Kg1 Be5 0-1

[Event "Floripa Chess Open 2024"]
[Site "Florianopolis"]
[Date "2024.01.28"]
[Round "10.108"]
[White "Godinho, Bruno Cesar Ferreir"]
[Black "Bieging, Luca Jurgen"]
[Result "1-0"]
[WhiteElo "1802"]
[BlackElo "1436"]
[PlyCount "111"]
[EventDate "2024.01.20"]
[EventRounds "10"]
[EventCountry "BRA"]

1. c4 g6 2. Nf3 Nf6 3. d4 Bg7 4. Nc3 O-O 5. e4 d6 6. h3 e5 7. dxe5 dxe5 8. Qxd8
Rxd8 9. Bg5 Re8 10. Nd5 Nxd5 11. cxd5 c6 12. Bc4 cxd5 13. Bxd5 Nd7 ({RR} 13...
Na6 14. O-O-O Nc7 15. Bb3 Be6 16. Bxe6 Nxe6 17. Be3 f5 18. Kb1 b6 19. h4 {
1/2-1/2 (19) Morovic Fernandez,I (2564)-Radjabov,T (2663) Mallorca 2004}) 14.
O-O ({RR} 14. Ke2 Nf6 15. Bxf6 Bxf6 16. Rac1 Rb8 17. Rc7 Be6 18. Bxe6 Rxe6 19.
Rd1 Bd8 20. Rcd7 Bf6 21. Rc1 Rb6 22. b3 {1-0 (22) Goncalves,I (2237)-Von
Buelow,G (2361) chess.com INT 2022}) 14... Nb6 15. Bb3 Be6 $146 ({RR} 15... Bd7
16. a4 Bc6 17. a5 Nd7 18. Rac1 h6 19. Be3 Bxe4 20. Rc7 Bc6 21. Rd1 Red8 22. a6
Rac8 23. Rxc8 Rxc8 24. axb7 Rb8 25. Rd6 Rxb7 26. Bxf7+ Kxf7 27. Rxc6 a5 28. Ra6
Rxb2 29. Rxa5 g5 30. g3 {Christiansen,J (2300)-Nordenbaek,J (2215) Denmark
1992 1/2-1/2}) 16. Bxe6 Rxe6 17. Rac1 Rc8 18. Rxc8+ Nxc8 19. Rc1 Rc6 20. Rxc6
bxc6 21. Nd2 Nd6 22. Be3 a6 23. Kf1 f5 24. f3 fxe4 25. fxe4 Kf7 26. Ke2 Ke6 27.
Kd3 Bf8 28. Bc5 Be7 29. Bxd6 Bxd6 30. Kc4 Kd7 31. Nb3 Kc7 32. a4 Kb7 33. Nc5+
Kb6 34. a5+ Ka7 35. b4 Be7 36. g4 h5 37. gxh5 gxh5 38. Nd7 Bd6 39. Nf6 h4 40.
Nd7 Kb7 41. Nc5+ Ka7 42. Kd3 Be7 43. Ke2 Kb8 44. Nxa6+ Kb7 45. Nc5+ Bxc5 46.
bxc5 Ka6 47. Kf3 Kxa5 48. Kg4 Kb5 49. Kxh4 Kxc5 50. Kg4 Kd6 51. Kf3 Kc5 52. Ke3
Kb5 53. h4 c5 54. h5 c4 55. Kd2 Kb4 56. Kc1 1-0

[Event "Floripa Chess Open 2024"]
[Site "Florianopolis"]
[Date "2024.01.28"]
[Round "10.109"]
[White "Silva, Henrique Brasil Bar"]
[Black "Cavalcante, Rodrigo Moreira"]
[Result "0-1"]
[WhiteElo "1590"]
[BlackElo "1801"]
[PlyCount "102"]
[EventDate "2024.01.20"]
[EventRounds "10"]
[EventCountry "BRA"]

1. e4 c5 2. Nf3 e6 3. d3 Nc6 4. Nbd2 Nf6 5. Be2 d5 6. O-O Qc7 ({RR} 6... Be7 7.
c3 Qc7 8. Re1 b6 9. Bf1 Bb7 10. a3 O-O-O 11. Qa4 h6 12. b4 dxe4 13. dxe4 Nd7
14. Ba6 Bxa6 15. Qxa6+ Qb7 16. Qe2 g5 17. Nb3 Nde5 18. Be3 Nd3 19. Red1 c4 20.
b5 cxb3 21. bxc6 {Smagin,S (2550)-Bischoff,K (2530) Biel 1990 1-0}) 7. Re1 ({RR
} 7. c3 dxe4 8. Nxe4 Be7 9. Be3 b6 10. Qc2 Nxe4 11. dxe4 Bb7 12. Rad1 O-O 13.
Nd2 Rad8 14. f4 e5 15. f5 Bf6 16. g4 Qe7 17. Nf3 h6 18. Bf2 Bg5 19. Bd3 Rd7 20.
Qe2 Rfd8 21. Bc2 Nb8 {Schulz,W-Dreiseitel,U (1492) Fuerth 2014 1-0 (50)}) 7...
b6 $146 ({RR} 7... Be7 8. c3 O-O 9. Qc2 h6 10. Bf1 b6 11. g3 Bb7 12. Nh4 dxe4
13. dxe4 Ng4 14. Ng2 Nge5 15. f4 Nd7 16. Ne3 e5 17. Nd5 Qd8 18. Nc4 exf4 19.
Bxf4 Ba6 20. Rad1 Kh8 21. Qa4 Bxc4 22. Qxc6 {Kislova,A-Shlepneva,T Riga 
(Latvia) 1975 1-0 (35)}) ({RR} 7... Bd7 8. exd5 exd5 9. Bf1+ Be7 10. d4 O-O 11.
dxc5 Bxc5 12. Nb3 Bb6 13. Bg5 Ne4 14. Bh4 Be6 15. Bd3 Qf4 16. Qe2 Ne5 17. Bg3
Nxf3+ 18. Qxf3 Qxf3 19. gxf3 Ng5 20. Be2 f5 21. f4 Ne4 22. Kg2 {Michailow,S 
(2224)-Wilde,D (2182) Eckernfoerde 2001 0-1 (36)}) 8. c3 Bb7 9. Bf1 O-O-O 10.
Qc2 Bd6 11. h3 h6 12. exd5 Nxd5 13. Nc4 Bf4 14. g3 Bxc1 15. Qxc1 g5 16. Bg2
Rhe8 17. Nfe5 Nxe5 18. Nxe5 f6 19. Ng4 Qg7 20. Ne3 f5 21. Nxd5 Bxd5 22. Bxd5
Rxd5 23. Qe3 e5 24. Qf3 Qd7 25. c4 Rxd3 26. Qa8+ Kc7 27. Qxa7+ Kc6 28. Qa4+ Kb7
29. Qxd7+ Rxd7 30. b4 e4 31. Rab1 Kc6 32. bxc5 bxc5 33. Rb3 Ra8 34. Re2 Rd4 35.
Rc2 Ra4 36. Rbc3 Rd1+ 37. Kg2 Ra1 38. Rd2 R1xa2 39. Rd8 Rb4 40. Rf8 Raa4 41.
Rxf5 Rxc4 42. Re3 Kb5 43. Rb3+ Rcb4 44. Rc3 Rc4 45. Rb3+ Rab4 46. Ra3 Rb2 47.
Rf6 Rcc2 48. Kg1 c4 49. Kf1 Rb1+ 50. Kg2 Rcc1 51. f3 Rb2# 0-1

[Event "Floripa Chess Open 2024"]
[Site "Florianopolis"]
[Date "2024.01.28"]
[Round "10.110"]
[White "Zabala, Antonio Murara"]
[Black "Spieker, Otavio Schmidt"]
[Result "1-0"]
[WhiteElo "1797"]
[BlackElo "1432"]
[PlyCount "77"]
[EventDate "2024.01.20"]
[EventRounds "10"]
[EventCountry "BRA"]

1. e4 e5 2. Nc3 Nc6 3. f4 d6 4. Nf3 Bg4 5. h3 Bxf3 6. Qxf3 Nd4 7. Qd3 Qh4+ 8.
g3 Qh5 $146 ({RR} 8... Qd8 9. Ne2 c5 10. c3 c4 11. Qb1 Nxe2 12. Bxe2 Rc8 13.
Rf1 Nf6 14. Qc2 Qd7 15. f5 Be7 16. d3 cxd3 17. Bxd3 d5 18. Qb3 O-O 19. exd5
Qxd5 20. Qxd5 Nxd5 21. Be4 Nf6 22. Bxb7 Rc7 23. Bf3 {Bares,J (1250)-Szucs,M 
(1250) Sec u Chrudimi 2008 1-0 (80)}) 9. Nd5 O-O-O 10. c3 Nc6 11. Be2 Qh6 12.
Qf3 Nge7 13. d4 exf4 14. Bxf4 Qg6 15. O-O-O Nxd5 16. exd5 Ne7 17. Bd3 Qf6 18.
Qg4+ Kb8 19. Bg5 Qf2 20. Rd2 h5 21. Qh4 Nf5 22. Rxf2 Nxh4 23. Bxd8 Ng6 24. Bxg6
fxg6 25. Re1 Kc8 26. Re8 Kd7 27. Rexf8 Rxf8 28. Rxf8 a6 29. Bg5 c6 30. Rf7+ Kc8
31. dxc6 bxc6 32. Kc2 d5 33. Kb3 Kb8 34. Kb4 Kc8 35. Kc5 a5 36. Kxc6 Kb8 37.
Bf4+ Ka8 38. Kb6 a4 39. Ra7# 1-0

[Event "Floripa Chess Open 2024"]
[Site "Florianopolis"]
[Date "2024.01.28"]
[Round "10.112"]
[White "Cardoso, Maria Paula Da Silv"]
[Black "Viana, Amanda Thamy Koto"]
[Result "1-0"]
[WhiteElo "1780"]
[BlackElo "1800"]
[PlyCount "81"]
[EventDate "2024.01.20"]
[EventRounds "10"]
[EventCountry "BRA"]

1. e4 c5 2. Nf3 d6 3. c3 Nf6 4. Bd3 g6 5. Bc2 Nc6 ({RR} 5... e5 6. O-O Bg7 7.
d4 exd4 8. cxd4 cxd4 9. Nxd4 O-O 10. Nc3 Nc6 11. Ndb5 Bg4 12. Qd2 a6 13. Nxd6
Qe7 14. Nc4 Rad8 15. Qe1 Nd4 16. Ne3 b5 17. f3 Be6 18. Bd1 Rfe8 19. Kh1 Qb7 20.
Ne2 {Duda,J (2801)-Dubov,D (2735) http://www.chessbomb.com 2021 0-1}) 6. a3
$146 ({RR} 6. d3 Bg7 7. O-O O-O 8. Nbd2 Rb8 9. a4 a6 10. Nc4 b5 11. axb5 axb5
12. Ne3 Bb7 13. Nd2 Nd7 14. Qe1 Nb6 15. f4 b4 16. e5 dxe5 17. f5 e6 18. Ne4
exf5 19. Nxc5 Ba8 {1/2-1/2 (19) Gomez Polo,V-Munoz Moreno,F Malaga 1984}) ({RR
} 6. d4 cxd4 7. cxd4 Bg4 8. d5 Ne5 9. Ba4+ Ned7 10. h3 Bxf3 11. Qxf3 Bg7 12.
O-O O-O 13. Nc3 a6 14. Be3 b5 15. Bb3 Nc5 16. Bc2 Nfd7 17. Qd1 b4 18. Ne2 Bxb2
19. Rb1 Bf6 20. Nd4 a5 {Kosashvili,Y (2490)-Mittelman,G (2250) Kfar Sava 1993
1/2-1/2 (45)}) ({RR} 6. O-O Bg4 7. d3 Bg7 8. Nbd2 O-O 9. h3 Bxf3 10. Nxf3 Qb6
11. Qe2 e5 12. Bb3 Na5 13. Bd5 Nc6 14. Bc4 a6 15. Nh2 Na5 16. Bg5 Nxc4 17. dxc4
Nh5 18. Rad1 f6 19. Bc1 Rad8 20. Ng4 Qc6 {Kalod,R (2210)-Cvek,R (2285) Czechia
1996 1-0}) 6... Bg7 7. O-O O-O 8. h3 e5 9. d4 cxd4 10. cxd4 exd4 11. Nxd4 Nxd4
12. Qxd4 Ng4 13. Qb4 Ne5 14. Rd1 Qc7 15. Bb3 Rd8 16. Bg5 Rd7 17. Ba4 Nc6 18.
Qd2 Qa5 19. Qxa5 Nxa5 20. Bxd7 Bxd7 21. Nc3 Nc4 22. Rac1 Bc6 23. Nd5 Bxd5 24.
Rxd5 Nxb2 25. Rxd6 a6 26. Rd7 b5 27. Rcc7 Be5 28. Ra7 Rc8 29. Rxf7 Nd3 30. Be3
a5 31. Rfd7 Nb2 32. Rxh7 Nc4 33. Bg5 Nd6 34. Rhe7 Nc4 35. Ra6 Bd6 36. Rd7 Bxa3
37. Rxg6+ Kf8 38. Rb7 Ne5 39. Bh6+ Ke8 40. Rg8+ Bf8 41. Rxf8# 1-0

[Event "Floripa Chess Open 2024"]
[Site "Florianopolis"]
[Date "2024.01.28"]
[Round "10.113"]
[White "Da Costa, Mariana Nara Santan"]
[Black "Branco, Joao Pedro Belaglov"]
[Result "1-0"]
[WhiteElo "1544"]
[BlackElo "1778"]
[PlyCount "34"]
[EventDate "2024.01.20"]
[EventRounds "10"]
[EventCountry "BRA"]

1. d4 Nf6 2. Bg5 e6 3. Nf3 c5 4. c3 Nc6 5. e3 h6 6. Bh4 ({RR} 6. Bxf6 Qxf6 7.
Nbd2 Qd8 8. Bd3 d5 9. O-O Bd6 10. dxc5 Bxc5 11. Qe2 O-O 12. Rad1 Bb6 13. a3 a5
14. c4 a4 15. cxd5 exd5 16. h3 Re8 17. Nb1 Qf6 18. Bc2 d4 19. e4 Bc7 20. Nbd2
Ra5 {Ibrahimli,M (2418)-Leitao,R (2592) chess.com INT 2021 1-0 (35)}) 6... Be7
({RR} 6... Qb6 7. Qb3 Nh5 8. Nbd2 d5 9. Bd3 c4 10. Qxb6 axb6 11. Bc2 b5 12. g4
g5 13. Bg3 Nxg3 14. hxg3 Bg7 15. e4 b4 16. Ke2 b5 17. a3 b3 18. Bb1 b4 19. cxb4
Nxd4+ {0-1 (19) Makhrov,A (1919)-Ponkratov,P (2641) Yekaterinburg RUS 2021}) 7.
Bb5 $146 ({RR} 7. Nbd2 b6 8. dxc5 bxc5 9. Bxf6 Bxf6 10. Ne4 Be7 11. Nd6+ Bxd6
12. Qxd6 Qe7 13. O-O-O Qxd6 14. Rxd6 Ke7 15. Rd2 Rb8 16. Be2 Rd8 17. Ne1 d6 18.
f4 Na5 19. e4 Bb7 20. Bf3 Nc4 21. Rf2 a5 {Deslauriers,J-Foguelman,A Leipzig
1960 0-1 (56)}) ({RR} 7. Nbd2 d6 8. Bb5 Qb6 9. Qb3 O-O 10. Nc4 Qc7 11. dxc5 d5
12. Nd6 Bxd6 13. cxd6 Qxd6 14. Bxf6 gxf6 15. Rd1 Rd8 16. Qa4 Ne7 17. Qg4+ Kf8
18. Bd3 e5 19. Qh5 Kg7 20. Nh4 Qe6 21. g4 e4 {Onkoud,A (2326)-Maze,S (2423)
Paris 2003 1/2-1/2 (44)}) ({RR} 7. Nbd2 O-O 8. Bxf6 gxf6 9. dxc5 Bxc5 10. Ne4
Be7 11. Nd4 d5 12. Ng3 f5 13. Bd3 Nxd4 14. exd4 Bd6 15. h4 Kh8 16. Nh5 Rg8 17.
Qd2 Kh7 18. O-O-O Rxg2 19. Rdg1 Rg6 20. f3 Bd7 21. Nf4 Rxg1+ {Fasser,
W-Bardossi,J (2210) Keszthely 1995 0-1 (40)}) 7... O-O 8. Bxf6 gxf6 9. Nbd2 a6
10. Bd3 d5 11. Bb1 e5 12. Nh4 e4 13. Qh5 Kh7 14. f3 Rg8 15. fxe4 f5 16. Nxf5
Bxf5 17. Qxf5+ Rg6 1-0

[Event "Floripa Chess Open 2024"]
[Site "Florianopolis"]
[Date "2024.01.28"]
[Round "10.114"]
[White "Da Cruz, Karoliny Taiane"]
[Black "Oliveira, Andre Pereira Marti"]
[Result "1-0"]
[WhiteElo "1774"]
[BlackElo "1333"]
[PlyCount "59"]
[EventDate "2024.01.20"]
[EventRounds "10"]
[EventCountry "BRA"]

1. e4 e6 2. d4 d5 3. Nc3 Be7 4. e5 c5 5. Be3 cxd4 6. Bxd4 Nc6 7. f4 Nh6 8. Nf3
$146 ({RR} 8. Bb5 O-O 9. Bf2 Bd7 10. Nf3 Bb4 11. Bxc6 bxc6 12. a3 Bxc3+ 13.
bxc3 Qa5 14. Qd2 c5 15. c4 Qxd2+ 16. Nxd2 d4 17. Nb3 Rfc8 18. h3 Rab8 19. Kd2
Ba4 20. Rhb1 Rb6 21. Ra2 Rcb8 22. Rab2 f6 {Groetzbach,J (1879)-Holle,C (1780)
Stuttgart 2010 0-1 (54)}) 8... O-O 9. Be2 Nf5 10. a3 Ncxd4 11. Nxd4 Ne3 12. Qd2
Nxg2+ 13. Kd1 f6 14. Bd3 Nh4 15. Qe2 f5 16. Kd2 Qb6 17. Nb3 Bd7 18. Raf1 Bc6
19. Rhg1 d4 20. Nd1 Ba4 21. Na1 Rac8 22. Rg3 Qa5+ 23. Kc1 Rc6 24. Rfg1 g6 25.
b3 Bxa3+ 26. Kb1 Rfc8 27. Qh5 Qd2 28. Nb2 Bxb2 29. Qxh4 R8c7 30. Qf6 1-0

[Event "Floripa Chess Open 2024"]
[Site "Florianopolis"]
[Date "2024.01.28"]
[Round "10.115"]
[White "Mariot Vaz, Joao Antonio Bertol"]
[Black "Antunes, Luan Netto Nikifork"]
[Result "1-0"]
[WhiteElo "1772"]
[BlackElo "1797"]
[PlyCount "97"]
[EventDate "2024.01.20"]
[EventRounds "10"]
[EventCountry "BRA"]

1. e4 {Horvath,Ta} c5 2. Nf3 Nc6 3. Bb5 g6 4. Bxc6 dxc6 5. d3 Bg7 6. h3 e5 7.
Be3 Qe7 8. Nc3 Nf6 9. Qd2 Be6 $146 ({RR} 9... h6 10. O-O-O Nd7 11. Nh2 Nf8 12.
Rhf1 Ne6 13. Ne2 Bd7 14. g3 O-O-O 15. Qa5 Kb8 16. f4 Nd4 17. Ng1 b6 18. Qd2 Be6
19. Ng4 Bxa2 20. Nxe5 Kb7 21. Bxd4 cxd4 22. Ngf3 Be6 23. g4 Qc5 24. Rde1 {
Diozu,M (2020)-Lupu,M (2175) Bucharest 1993 0-1 (42)}) ({RR} 9... h6 10. O-O
Nd7 11. Nh2 Nf8 12. f4 exf4 13. Bxf4 Ne6 14. Bg3 Nd4 15. Rae1 O-O 16. e5 Bf5
17. Ne4 Bxe4 18. Rxe4 h5 19. Nf3 Nxf3+ 20. Rxf3 Qe6 21. b3 Rfd8 22. Qe3 b6 23.
Bh4 Rd4 24. Bf6 {Hammer,J (2532)-Korobov,A (2613) Cappelle-la-Grande 2009 1/
2-1/2 (41)}) ({RR} 9... h6 10. O-O Bd7 11. a3 Nh5 12. b4 cxb4 13. axb4 Nf4 14.
Ne2 O-O 15. Nxf4 exf4 16. Bc5 Qf6 17. Bxf8 Bxf8 18. d4 g5 19. Rfe1 a6 20. c4 h5
21. Ne5 Be6 22. Qc3 g4 23. hxg4 hxg4 24. f3 {Sgnaolin,D (2257)-Saez
Gabikagogeaskoa,O (2036) Seville 2016 1/2-1/2 (35)}) ({RR} 9... O-O 10. O-O-O (
{RR} 10. Bh6 Re8 11. Bxg7 Kxg7 12. Nh2 h5 13. O-O-O Nh7 14. Ne2) 10... a5 11.
Bh6 Nd7 12. Bxg7 Kxg7 13. Nh2 b5 14. f4 f6 ({RR} 14... exf4 15. Qxf4 Ne5 16.
Ng4) 15. f5 Qf7 ({RR} 15... a4 16. Ng4 b4 ({RR} 16... gxf5 17. Nh6) 17. Ne2 c4
18. dxc4 Nc5 19. Ng3) 16. Ng4 a4 17. Qh6+ Kg8 18. Qe3 Kg7 19. Qh6+ Kg8 20. fxg6
hxg6 21. Rhf1 b4 22. Nb1 b3 23. cxb3 axb3 24. a3 {Nevednichy,V (2535)-Bogdan,D
(2295) Bucharest 1993 CBM 040 [Horvath,Ta] 1-0 (37)}) ({RR} 9... h6 10. a3 Nd7
11. O-O Nf8 12. b4 cxb4 13. axb4 b5 14. d4 exd4 15. Bxd4 Ne6 16. Bxg7 Nxg7 17.
Nd4 Bb7 18. e5 Qxb4 19. Rfb1 Qe7 20. Ne4 Qxe5 21. Nf3 Qe7 22. Nd6+ Kf8 23. Re1
Ne6 24. Nd4 {Boudre,J (2390)-Levacic,D (2330) France 1994 1-0 (31)}) 10. O-O
Nd7 11. Ng5 O-O 12. Nxe6 Qxe6 13. Na4 b6 14. a3 f5 15. f3 Nf6 16. Qc3 f4 17.
Bf2 Nh5 18. b4 cxb4 19. axb4 Ng3 20. Bxg3 fxg3 21. Ra3 Bh6 22. Qb3 Qxb3 23.
Rxb3 Be3+ 24. Kh1 Rf4 25. b5 cxb5 26. Nc3 Rf7 27. Rxb5 a6 28. Rb3 b5 29. Nd5
Bf2 30. Ra1 Rfa7 31. c3 Kf7 32. Rd1 Ke6 33. d4 exd4 34. cxd4 Rc8 35. Nf4+ Kd7
36. d5 Rac7 37. Nd3 Rc3 38. Ne5+ Kd6 39. Rxc3 Rxc3 40. Ng4 h5 41. e5+ Ke7 42.
Nf6 Re3 43. d6+ Kd8 44. Ne4 Re1+ 45. Rxe1 Bxe1 46. e6 Bc3 47. Nxc3 b4 48. Nd5
b3 49. e7+ 1-0

[Event "Floripa Chess Open 2024"]
[Site "Florianopolis"]
[Date "2024.01.28"]
[Round "10.116"]
[White "Fernandes, Beatriz"]
[Black "Ferreira, Rodrigo Maycon Mira"]
[Result "0-1"]
[WhiteElo "1431"]
[BlackElo "1754"]
[PlyCount "116"]
[EventDate "2024.01.20"]
[EventRounds "10"]
[EventCountry "BRA"]

1. e4 c5 2. Nc3 Nc6 3. Bb5 Nd4 4. Bc4 a6 5. a4 e6 ({RR} 5... d6 6. d3 g6 7.
Nge2 Bg7 8. Nxd4 cxd4 9. Ne2 e6 10. O-O Ne7 11. Bb3 O-O 12. Bd2 Nc6 13. f4 f5
14. Ng3 Kh8 15. exf5 gxf5 16. c3 Qb6 17. Kh1 Bd7 18. Nh5 Rg8 19. Bc2 Ne7 20. a5
{Asadli,V (2579)-Mamedov,R (2656) Baku AZE 2021 1/2-1/2}) 6. f4 ({RR} 6. Nge2
Nf6 7. O-O d5 8. exd5 exd5 9. Ba2 Bg4 10. f3 Bf5 11. d3 h6 12. Nxd4 cxd4 13.
Ne2 Bc5 14. Ng3 Bh7 15. Re1+ Kf8 16. Bf4 Bd6 17. Qd2 Rc8 18. Bb3 Qc7 19. Bxd6+
Qxd6 20. Re2 g5 {Kolosowski,M (2448)-Vokhidov,S (2521) chess.com INT 2021 0-1 
(42)}) 6... Nf6 $146 ({RR} 6... h5 7. Nf3 Nxf3+ 8. Qxf3 Rb8 9. d3 Ne7 10. Be3
Nc6 11. O-O Qf6 12. e5 Qf5 13. Ne4 b6 14. c3 Bb7 15. Qf2 h4 16. h3 Na5 17. Ba2
Rh6 18. Rad1 Be7 19. Rd2 Rg6 20. Kh2 c4 21. Ng5 {Hajdu,Z (1973)-Ivanyi,F (1967)
Hungary 2006 0-1 (40)}) 7. e5 d5 8. exf6 dxc4 9. fxg7 Bxg7 10. Nf3 O-O 11. O-O
b6 12. d3 cxd3 13. Qxd3 Bb7 14. Nxd4 Qxd4+ 15. Be3 Qb4 16. Rab1 Rad8 17. Qe2
Rfe8 18. Qg4 b5 19. axb5 axb5 20. Qg3 f5 21. Ne2 Qc4 22. Qf2 Kh8 23. Bxc5 Rd2
24. Rfe1 Bf6 25. Be3 Rxc2 26. Bd4 Bxd4 27. Qxd4+ Qxd4+ 28. Nxd4 Rxg2+ 29. Kf1
Reg8 30. Nxe6 Be4 31. Ng5 Rxh2 32. Nxe4 fxe4 33. b4 Rh4 34. Ke2 Rxf4 35. Ke3
Rh4 36. Rh1 Rxh1 37. Rxh1 Rg3+ 38. Kxe4 Rg4+ 39. Kd3 Rxb4 40. Rh5 Kg7 41. Rg5+
Kf6 42. Rh5 Kg6 43. Rc5 h5 44. Ke3 Rb1 45. Kf3 Rf1+ 46. Kg3 Rf5 47. Rc3 Kf6 48.
Rb3 Ke6 49. Kh4 Kd6 50. Rc3 Kd5 51. Rc1 Kd4 52. Kg3 b4 53. Rb1 Kc3 54. Rc1+ Kb2
55. Re1 b3 56. Re2+ Ka1 57. Re1+ Ka2 58. Re2+ b2 0-1

[Event "Floripa Chess Open 2024"]
[Site "Florianopolis"]
[Date "2024.01.28"]
[Round "10.117"]
[White "Cabral, Vivian De Paiva"]
[Black "Ribeiro Carrico, Victor Hugo"]
[Result "1-0"]
[WhiteElo "1358"]
[BlackElo "1746"]
[PlyCount "45"]
[EventDate "2024.01.20"]
[EventRounds "10"]
[EventCountry "BRA"]

1. e4 e5 2. Nf3 Nc6 3. Bc4 Nf6 4. d3 Bc5 5. Nc3 d6 6. h3 a5 $146 ({RR} 6... O-O
7. g4 Be6 8. Nd5 Bxd5 9. exd5 Nd4 10. c3 Nxf3+ 11. Qxf3 e4 12. dxe4 Nxe4 13.
O-O f5 14. Bd3 Qh4 15. Bxe4 fxe4 16. Qg2 Rf3 17. Kh2 Raf8 18. Be3 Bxe3 19. fxe3
Rf2 {0-1 (19) Segal,M-Sparkes,W Hastings 1919}) ({RR} 6... b6 7. Bg5 Bb7 8. Bd5
Qd7 9. Bxf6 gxf6 10. Qd2 h6 11. O-O-O O-O-O 12. a3 Rhg8 13. Rhg1 f5 14. b4 Bd4
15. Nxd4 Nxd4 16. Bxb7+ Kxb7 17. Qxh6 f4 18. Qh4 Rh8 19. Qg4 Qxg4 20. hxg4 Rh2
21. f3 {Stricker,R (1226)-Koerbel,T (959) Germany 2007 1/2-1/2 (33)}) ({RR} 
6... O-O 7. a3 Nd4 8. Nxd4 exd4 9. Nd5 Nxd5 10. Bxd5 c6 11. Ba2 d5 12. O-O dxe4
13. dxe4 Qh4 14. Qd3 b5 15. Bd2 Bb6 16. Rae1 Bb7 17. e5 Kh8 18. Qf5 Bc8 19. Qf3
Bd7 20. Re4 Qe7 21. Qh5 {Frometa Castillo,Z (2200)-Palao,M (2060) Cienfuegos
1991 1-0 (34)}) ({RR} 6... O-O 7. Qe2 Qe7 8. O-O Be6 9. Bxe6 Qxe6 10. Be3 Bb6
11. Bxb6 axb6 12. a3 h6 13. Rfe1 Nh7 14. Qe3 f5 15. exf5 Qxf5 16. Qe4 Qd7 17.
Qd5+ Qf7 18. Qxf7+ Rxf7 19. b4 Re8 20. Nd5 Nf6 21. Nxf6+ {Mihelic,I-Kozjan,M
Slovenia 1992 1-0 (47)}) 7. a3 Ne7 8. Bg5 Ng6 9. Nd5 Be6 10. Bxf6 gxf6 11. d4
Ba7 12. g3 exd4 13. Nxd4 Ne5 14. Be2 c6 15. Nxe6 fxe6 16. Nf4 Kd7 17. Qd2 Qb6
18. O-O-O d5 19. Rhe1 Rhe8 20. Nh5 Kc7 21. Nxf6 Re7 22. Qf4 Kd6 23. Ng4 1-0